000 00866nam a2200205Ia 4500
999 _c4344
_d4344
008 191128s2018 ck a br 000 j spa d
020 _a9789583019210
040 _aCO-JMCR
_cCO-JMCR
082 0 4 _aC/
_bBEAl
100 _aBeau, Daniel,
_eautor
_92195
245 1 1 _a¡Llegan los dinosaurios! /
_cDaniel Beau ; ilustración Francois Ruyer
250 _aPrimera edición
260 _aBogotá :
_bPanamericana,
_c2018
300 _a93 páginas :
_bilustración a color ;
_c18 cm.
520 _aNina, la hermana de Lalo, quedó traumatizada después de encontrarse en el bosque con… ¡un dinosaurio!. Este es un nuevo misterio que Lalo y su amigo, el sabio Dagoberto, deben desentrañar. Juntos, deciden salir a buscar dinosaurios…
546 _aspa
650 1 4 _aMagia
_xCuentos infantiles
_92196
799 _aRuyer, Francois, ilustrador
942 _2ddc
_cBK